000 02701nam0a2200409 4500
001 RU\NLR\BIBL_A\022385753
005 20250114112126.0
010 _a978-5-9590-1317-2
_9500
021 _aRU
_bКН-П-24-061492
_9КН-П-24-6109
035 _a(NLR Aleph) 022385753
090 _a13331017
_c13331017
100 _a20241120d2023 k y0rusy50 ca
101 0 _arus
102 _aRU
105 _aa|||z|||010yy
181 0 _ai3
_baxxe
182 0 _an
200 1 _aИскусственный интеллект в контрольно-надзорной деятельности таможенных органов
_eмонография
_fА. В. Ефимов, Н. М. Кожуханов, С. В. Новиков [и др.]
_gпод общей редакцией кандидата юридических наук, доцента Н. М. Кожуханова
_gГосударственное казенное образовательное учреждение высшего образования "Российская таможенная академия"
203 _aТекст
_bвизуальный
_cнепосредственный
210 _aМосква
_cРИО Российской таможенной академии
_d2023
215 _a190 с.
_cил., табл.
_d21
300 _aНа 5-й с. 2-й и 3-й авт.: Н. М. Кожуханов, канд. юрид. наук, доц., С. В. Новиков, канд. экон. наук
300 _aАвт. указаны на обороте тит. с. в макете
300 _aНа тит. с.: Рос. тамож. акад. 30, 1993-2023
320 _aБиблиогр.: с. 126-138 (119 назв.) и в подстроч. примеч.
606 1 _aТаможенное дело
_xИнформационные технологии
_yРоссийская Федерация
_92138611
_3RU\NLR\AUTH\661593692
686 1 _aХ621.165.203.1
701 1 _aЕфимов
_bА. В.
_cпреподаватель, таможенное дело
_gАлександр Витальевич
_92647605
_3RU\NLR\AUTH\770275638
701 1 _aКожуханов
_bН. М.
_gНиколай Михайлович
701 1 _7ca
_8rus
_aНовиков
_bС. В.
_cканд. экон. наук, таможенное дело
_f1993-
_gСергей Владимирович
_9248219
_3RU\NLR\AUTH\770248275
702 1 _aКожуханов
_bН. М.
_gНиколай Михайлович
_4340
712 0 2 _4475
_aРоссийская таможенная академия
_9310805
_3RU\NLR\AUTH\8818766
942 _cBOOK
980 _aNB